000 00495nam a2200205Ia 4500
003 GCL
008 140319s9999 xx 000 0 eng d
040 _aGCL /
_cGCL
082 0 4 _aCH
_b551
_bW A
100 1 _aWHITLLAW, LAN
245 1 0 _aA+QUIZMASTERS: EARTH /
_cWHITLLAW, LAN
700 1 _aWHITAKER, JULIE
260 _a[S.N] :
_bDARLING KINDERSLEY ،
_c1994
650 0 4 _aEARTH
650 0 4 _aCHILDREN
650 0 4 _aROCKS
650 0 4 _aATMOSPHERE
650 0 4 _aCLOUD
942 _2ddc
_cBK
999 _c15139
_d15139